00981cam a2200301 a 4500001000700000003000400007005001700011008004100028010001700069020001500086025002900101035002100130037007400151040001800225042001000243043001200253050002300265082001900288100002500307245008500332260005100417300002400468440005500492500002000547650004300567650003400610710003500644194033ASL20240117062541.0170 s1998 bg 001 0 eng  a 98907461  a9845123481 aB-E-98-907461; 19; 19-CC a(DLC) 98907461 bLibrary of Congress -- New Delhi Field OfficecTk400.00 ($15.00 U.S.) aDLCcASLdASL alcode aa-bg---00aRS180.B3bG48 199800a615.15492bGHM1 aGhani, Abdul,d1941-10aMedicinal plants of Bangladesh :bchemical constituents and uses /cAbdul Ghani. aDhaka :bAsiatic Society of Bangladesh,c1998. av, 460 p. ;c25 cm. aAsiatic Society of Banglades publication ;vno. 76 aIncludes index. 0aMateria medica, VegetablezBangladesh. 0aMedicinal plantszBangladesh.1 aAsiatic Society of Bangladesh.